Statistics for Guess the Song- Taylor Swift: Midnights (3am edition)

Click here to take the quiz!

General Stats

  • This quiz has been taken 631 times
  • The average score is 18 of 20

Answer Stats

HintAnswer% Correct
"Did you hear my covert narcissism I disguise as altruism like some kind of congressman?"Anti-Hero
96%
"The mark they saw on my collarbone, the rust that grew between telephones, the lips I used to call home"Maroon
94%
"I'm damned if I do give a damn what people say"Lavender Haze
93%
"Everything you lose is a step you take, so make the friendship bracelets, take the moment and taste it"You're On Your Own, Kid
93%
"You're terrified to look down 'cause if you dare, you'll see the glare of everyone you burned just to get there"Karma
92%
"She needed cold hard proof so I gave her some. She had the envelope where you think she got it from?"Vigilante Shit
92%
"Familiarity breeds contempt, don't put me in the basement when I want the penthouse of your heart"Bejeweled
90%
"Stumble down pretend alleyways, cheap wine, make believe it's champagne"Paris
89%
"I fight with you in my sleep, the wound won't close, I keep on waiting for a sign, I regret you all the time"Would've, Could've, Should've
89%
"You see all the wisest women had to do it this way, 'cause we were born to be the pawn in every lover's game"Mastermind
88%
"Life is emotionally abusive and time can't stop me quite like you did"Snow On The Beach
88%
"It came like a postcard, picture perfect shiny family, holiday peppermint candy"Midnight Rain
87%
"We had one thing going on, I swear that it was something 'cause I don't remember who I was before you"Question...?
87%
"And maybe it's the past that's talking, screaming from the crypt, telling me to punish you for things you never did"The Great War
86%
"I thought the plane was going down, how'd you turn it right around?"Labyrinth
84%
"Did some force take you because I didn't pray?"Bigger Than The Whole Sky
81%
"Burn all the flies, desert all your past lives and if you don't recognize yourself, that means you did it right"Dear Reader
81%
"I'd go back to wanting dudes who give nothing, I thought we had no chance and that's romance"Glitch
81%
"A pebble that we picked up last July, down deep inside your pocket, we almost forgot it"Sweet Nothing
81%
"Rain soaking, blind hoping, you said I was freeloading, I didn't know you were keeping count"High Infidelity
79%

Score Distribution

Percentile by Number Answered

Percent of People with Each Score

Your Score History

You have not taken this quiz